00621cam a2200193 a 450000100100000000500170001000800410002704000290006808200200009710000260011724500810014326000410022430000210026549000210028665000380030765000370034570000240038283000210040600001800420200929165319.0840716s1971 ho 000 p spa d aDO-SdBNPbspacLCdBNPHU aHo861.44bA185e1 aAcosta, Oscar.d1933-10aExaltación de Honduras :bantología /cOscar Acosta y Pompeyo del Valle. aHonduras :bNuevo Continente,c1971. a333 p. ;c23 cm.1 aEl Pino Jubiloso 4aPoesía hondureñaxColecciones 4aLiteraruta hondureñaySIGLO XX1 aValle, Pompeyo del. 0aEl Pino Jubiloso